| 000 | 01050nas a2200325 4500 | ||
|---|---|---|---|
| 001 | BR2012002253 | ||
| 003 | BR-BrBNA | ||
| 005 | 20231205120427.0 | ||
| 007 | ta | ||
| 008 | 230509b bl.|||p| |||| 00| 00por d | ||
| 040 |
_aBR-BrBNA _bpor _cBiblioteca Nacional de Agricultura |
||
| 041 | _a(Pt) | ||
| 072 | _aF04; P33 | ||
| 110 | 1 | _aDuedte, R.R.C. | |
| 110 | 1 | _aVillanueva, F.C.A. | |
| 110 | 1 | _aMaraoka, T. | |
| 110 | 1 | _aDuete, W.L.C. | |
| 245 | 1 | _aUtilização de fósforo proveniente do solo e do fertilizante com radioisotopo 32 P para plantas de Zea mays | |
| 246 | 1 | _aUtilization by maize plants of phosphorus from soil and fertilizer with 32 P radioactive isotope | |
| 650 | _aFOSFORO | ||
| 650 | _aZEA MAYS | ||
| 650 | _aMILHO | ||
| 650 | _aRADIOISÓTOPO | ||
| 650 | _aANÁLISE QUIMICA | ||
| 650 | _aSOLO | ||
| 773 | 0 |
_tMagistra (Brazil) _xISSN 2236-4420 _g(Oct-Dec 2011), v. 23(4) p. 228-235 _wBR2012002253 |
|
| 856 | 4 | 0 | _dLink DSPACE/MAPA BR2012002253 |
| 909 |
_a202311 _bLúcia _c55 _dLúcia Elande |
||
| 942 |
_2AGRIS _n0 _cANA |
||
| 999 |
_c218445 _d218445 |
||